1796 1955 1357 1025 1534 1822 1158 1134 1735 1472 1204 1186 1802 1617 1022 1432 1660 1010 1837 1523 1881 1983 1174 1234 1024 1719 1984 1714 1259 1426 1477 1100 1245 1153 1146 1452 1020 1066 1553 1103 1005 1806 1727 1773 1849 1267 1057 1462 1478 1385 1292 1651 1271 1507 1017 1401 1432 1011 1726 1145 1985 1901 1781 1345 1978 1883 1567 1582 1251 1663 1699 1292 1270 1290 1089 1571 1848 1116 1834 1887 1191 1081 1303 1596 1753 1823 1322 1582 1419 1589 1307 1582 1632 1783 1159 1276 1438 1108 1020 BCNSPRNW ULIB Ver.6.0+V

เปลี่ยนเป็นภาษาไทย

Change to English
 แสดงรายละเอียดบรรณานุกรม
  กลับหน้าหลัก

Brief Record : Get Marc (ISO 2709) : E-mail record : QR code < ปิดหน้าต่าง
LEADER : 00000nam 2200000uu 4500
001    13399122086
003     ULIB
008    121225s2550||||th 000 0 tha d
020    ^a9789749935187
090    ^aนว.^bป337ช
100    ^aประภัสสร เสวิกุล.
245    ^aชี้ค /^cประภัสสร เสวิกุล.
250    ^aพิมพ์ครั้งที่ 28
260    ^aกรุงเทพฯ :^bอรุณ,^c2550
300    ^a549 หน้า
945    ^p355^l0^i022035
999    ^aทศพร
รายการนี้ยังไม่มีแท็ก
คุณยังไม่ได้ล็อกอิน คุณสามารถมีกิจกรรมร่วมกับเว็บไซต์ได้ แต่ต้องล็อกอินก่อน ::
  ล็อกอิน

รายการสื่อสารสนเทศ

ลำดับที่ ประเภท เลขเรียก/บาร์โค้ด สถานที่ สถานะ
1. นวนิยาย
นวนิยาย
นว. ป337ช  
  Barcode: 022035
ห้องสมุดวิทยาเขตสวรรค์ประชารักษ์
►นวนิยาย
บนชั้น
  ขอยืม

BibComment


ยังไม่เคยถูกคอมเมนท์

คอมเมนท์ทรัพยากรรายการนี้
  คอมเมนท์: ชี้ค ประภัสสร เ..


 Copyright 2026. Bcnsprnw @Library